Inovačný potenciál podnikov na SR vo väzbe na potravinársky priemysel

Príspevok je zameraný na teoretickú analýzu inovácií ako konceptu, ako aj kategorizáciu jednotlivých typov technologických a netechnologických inovácií a inovačných aktivít v podnikoch. Zameriava sa na definovanie rozdielu medzi inováciou a invenciou a tiež na faktory, ktoré ovplyvňujú implementáciu...

Descrizione completa

Salvato in:
Dettagli Bibliografici
Autore principale: Biela, Alexandra
Natura: Capitolo di libro
Lingua:slovacco
Soggetti:
Tags: Aggiungi Tag
Nessun Tag, puoi essere il primo ad aggiungerne!!

MARC

LEADER 00000naa$a2200000$$$4500
001 0289625
005 20240502074434.8
041 0 |a slo 
044 |a SK 
245 1 0 |a Inovačný potenciál podnikov na SR vo väzbe na potravinársky priemysel  |c Alexandra Biela 
520 |a Príspevok je zameraný na teoretickú analýzu inovácií ako konceptu, ako aj kategorizáciu jednotlivých typov technologických a netechnologických inovácií a inovačných aktivít v podnikoch. Zameriava sa na definovanie rozdielu medzi inováciou a invenciou a tiež na faktory, ktoré ovplyvňujú implementáciu inovácií v podniku. Hlavným cieľom príspevku je prostredníctvom teoretickej analýzy zovšeobecniť poznatky súvisiace s inováciami v podnikoch s dôrazom na jednotlivé typy inovácií, ktoré determinujú inovačný potenciál podnikov. Výsledkom príspevku je komparatívna analýza inovačných aktivít výrobných podnikov pôsobiacich na území Slovenskej republiky v potravinárskom priemysle. Na základe vykonaného výskumu môžeme konštatovať, že inovačný potenciál firiem pôsobiacich na území SR v potravinárskom priemysle má stúpajúcu tendenciu. Väčšina inovačných aktivít má technologický charakter, vo forme pozitívnych zmien produktov a výrobných procesov. 
610 2 0 |a priemysel potravinársky 
610 2 0 |a inovácia 
610 2 0 |a výroba 
610 2 0 |a technológie nové 
610 2 0 |a podnik výrobný 
610 2 0 |a Slovensko 
100 1 |a Biela, Alexandra